EU Decarbonisation: Do EU Electricity Costs Harm Export Competitiveness?

EÚ sa stala hlavným protagonistom dekarbonizácie v ére problémov medzinárodnej konkurencieschopnosti. Cieľom tohto výskumu je preskúmať vzťah medzi nákladmi na energiu vyvolanými dekarbonizáciou (prípad elektriny) a konkurencieschopnosťou vývozu krajín EÚ. V rámci panelovej regresie autori použili j...

Full description

Saved in:
Bibliographic Details
Main Author: Zábojník, Stanislav, 1984-
Other Authors: Steinhauser, Dušan, 1988-, Peštová, Viktória, 1995-
Format: Book Chapter
Language:English
Subjects:
Tags: Add Tag
No Tags, Be the first to tag this record!

MARC

LEADER 00000naa a2200000 4500
001 0295502
005 20241118105939.7
041 0 |a eng 
044 |a RO 
245 1 0 |a EU Decarbonisation: Do EU Electricity Costs Harm Export Competitiveness?  |c Stanislav Zábojník, Dušan Steinhauser, Viktória Peštová 
520 |a EÚ sa stala hlavným protagonistom dekarbonizácie v ére problémov medzinárodnej konkurencieschopnosti. Cieľom tohto výskumu je preskúmať vzťah medzi nákladmi na energiu vyvolanými dekarbonizáciou (prípad elektriny) a konkurencieschopnosťou vývozu krajín EÚ. V rámci panelovej regresie autori použili jednotkové energetické náklady elektriny (UEC) a analyzovali exportnú konkurencieschopnosť prostredníctvom domácej pridanej hodnoty v hrubom exporte z databázy TiVA. 
610 2 0 |a energia elektrická 
610 2 0 |a elektrina 
610 2 0 |a náročnosť energetická 
610 2 0 |a ceny 
610 2 0 |a náklady 
610 2 0 |a vývoz 
610 2 0 |a konkurencieschopnosť 
610 2 0 |a dekarbonizácia 
610 2 0 |a regresia 
610 2 0 |a Európska únia 
100 1 |a Zábojník, Stanislav, 1984- 
700 1 |a Steinhauser, Dušan, 1988- 
700 1 |a Peštová, Viktória, 1995-